Statistics for After Ever After Lyrics Quiz

Click here to take the quiz!

General Stats

  • This quiz has been taken 109 times
  • The average score is 368 of 407

Answer Stats

CluesAnswer% Correct
A
100%
a
100%
after
100%
After
100%
all
100%
are
100%
be
100%
end
100%
ever
100%
he
100%
hear
100%
I
100%
if
100%
If
100%
in
100%
is
100%
no
100%
on
100%
So
100%
The
100%
the
100%
this
100%
This
100%
what
100%
where
100%
why
100%
you
100%
YOU
100%
Ali
97%
an
97%
blue
97%
but
97%
But
97%
came
97%
Can
97%
can
97%
can't
97%
dreams
97%
for
97%
free
97%
GuantanamoGuantanamo
97%
happened
97%
('s)Here's
97%
lies
97%
man
97%
men
97%
MY
97%
my
97%
not
97%
now
97%
Now
97%
ocean
97%
Prince
97%
see
97%
some
97%
take
97%
tales
97%
their
97%
to
97%
true
97%
up
97%
was
97%
We're
97%
with
97%
wondered
97%
('ve)You've
97%
you've
97%
Aladdin
93%
And
93%
and
93%
at
93%
Bay
93%
BP
93%
by
93%
could
93%
crazy
93%
('s)Disney's
93%
down
93%
drowning
93%
English
93%
friends
93%
got
93%
I'm
93%
Japanese
93%
killed
93%
me
93%
of
93%
Oil
93%
oil
93%
princess
93%
Set
93%
spills
93%
taken
93%
Terror
93%
Thank
93%
Thanks
93%
that
93%
They
93%
they
93%
think
93%
War
93%
whale
93%
When
93%
wrong
93%
beast
90%
CIA
90%
from
90%
going
90%
have
90%
Have
90%
lazy
90%
mermaids
90%
missing
90%
nation
90%
('s)Obama's
90%
('s)someone's
90%
spilling
90%
stew
90%
try
90%
away
86%
back
86%
Beastiality
86%
beautiful
86%
being
86%
Bin
86%
browning
86%
Bush
86%
country
86%
ecosystem
86%
England
86%
EYES
86%
fishing
86%
French
86%
guns
86%
guy
86%
hell
86%
John
86%
just
86%
killing
86%
(ed)loved
86%
mad
86%
Oceans
86%
people
86%
pilots
86%
Plus
86%
put
86%
red
86%
scared
86%
Smith
86%
somebody
86%
('s)STD's
86%
SUCK
86%
Taliban
86%
these
86%
You're
86%
Adam
83%
bit
83%
bodies
83%
cell
83%
charges
83%
colors
83%
dead
83%
dying
83%
('s)else's
83%
fall
83%
fins
83%
gills
83%
gone
83%
gonna
83%
heads
83%
Hey
83%
('s)husband's
83%
Interrogation
83%
laid
83%
married
83%
more
83%
More
83%
OK
83%
paint
83%
satan
83%
shoot
83%
since
83%
slightly
83%
Spaniards
83%
Spanish
83%
straight
83%
('s)town's
83%
us
83%
WaWa
83%
weapon
83%
('s)Where's
83%
whore
83%
wild
83%
yourself
83%
beating
79%
believe
79%
burn
79%
cultivate
79%
feast
79%
('s)Flounder's
79%
forced
79%
greeted
79%
helped
79%
left
79%
liberal
79%
mark
79%
murder
79%
Oh
79%
one
79%
or
79%
overrun
79%
please
79%
raped
79%
steel
79%
trained
79%
visit
79%
wind
79%
arrow
76%
China
76%
disease
76%
eyeball
76%
far
76%
fields
76%
Genie
76%
germs
76%
getting
76%
guys
76%
hearts
76%
into
76%
pillaged
76%
stake
76%
thrown
76%
British
72%
Cause
72%
entrails
72%
exile
72%
held
72%
seperate
72%
traveled
72%
unknown
72%
('s)Ladin's
69%
('s)PETA's
69%
plan
69%
freedom
66%
lands
66%
vouch
66%
__-_____'sAl-Qaeda's
62%
fuss
62%
Jafar
62%
legit
62%
went
59%
bestiality
48%

Score Distribution

Percentile by Number Answered

Percent of People with Each Score

Your Score History

You have not taken this quiz